| Tag |
First Indicator |
Second Indicator |
Subfields |
| LEADER |
00000cam a2200000 a 4500 |
| 001 |
in00001113607 |
| 005 |
20150930062520.0 |
| 008 |
930114s1992 sz ch b 001 0 fre d |
| 035 |
|
|
|a (OCoLC)27255000
|
| 035 |
|
|
|9 AFV5910AM
|
| 040 |
|
|
|a MUU
|c MUU
|d UtOrBLW
|
| 049 |
|
|
|a TXAM
|
| 090 |
|
|
|a DC36.98.B4
|b S5 1992
|
| 100 |
1 |
|
|a Simonin, Michel.
|
| 245 |
1 |
0 |
|a Vivre de sa plume au XVIe siècle, ou La carrière de François de Belleforest /
|c Michel Simonin.
|
| 264 |
|
1 |
|a Genève :
|b Librairie Droz,
|c 1992.
|
| 300 |
|
|
|a 328 pages :
|b portrait, facsimiles ;
|c 26 cm.
|
| 336 |
|
|
|a text
|b txt
|2 rdacontent
|
| 337 |
|
|
|a unmediated
|b n
|2 rdamedia
|
| 338 |
|
|
|a volume
|b nc
|2 rdacarrier
|
| 490 |
1 |
|
|a Travaux d'humanisme et Renaissance ;
|v no. 268
|
| 504 |
|
|
|a Includes bibliographical references and index.
|
| 504 |
|
|
|a Bibliography of Belleforest's work (pages [233]-307).
|
| 500 |
|
|
|a Spine title: Francois de Belleforest.
|
| 600 |
1 |
0 |
|a Belleforest, François de,
|d 1530-1583.
|
| 600 |
1 |
0 |
|a Belleforest, François de,
|d 1530-1583
|x Bibliography.
|
| 650 |
|
0 |
|a Historians
|z France
|v Biography.
|
| 650 |
|
0 |
|a Authors, French
|y 16th century
|v Biography.
|
| 740 |
0 |
|
|a Carrière de François de Belleforest.
|
| 740 |
0 |
|
|a Francois de Belleforest.
|
| 830 |
|
0 |
|a Travaux d'humanisme et Renaissance ;
|v no. 268.
|
| 999 |
|
|
|a MARS
|
| 999 |
f |
f |
|s 26d757e8-88d3-3454-b928-d2c5496c3fd0
|i c17880a8-94cd-3009-8d66-ea558623857e
|t 0
|
| 952 |
f |
f |
|p ric
|a Texas A&M University
|b Rellis Campus
|c Joint Library Facility
|d Remote Storage
|t 0
|e DC36.98.B4 S5 1992
|h Library of Congress classification
|i unmediated -- volume
|m A14817256067
|
| 998 |
f |
f |
|a DC36.98.B4 S5 1992
|t 0
|l Remote Storage
|